| 000 | 00851na a2200265 4500 | ||
|---|---|---|---|
| 001 | 17055 | ||
| 003 | MIRAKIL | ||
| 005 | 20181213154935.0 | ||
| 008 | 161021b tu 000 0 | ||
| 035 | _a17055 | ||
| 040 |
_aMilas _btur _cTR-AnCHP |
||
| 041 | _atur | ||
| 082 |
_a341.242 _bT96t 2002 |
||
| 090 | _a341.242 T96t 2002 | ||
| 111 |
_aTürkiye Cumhuriyeti ve Avrupa Birliği _cAnkara _d2002 |
||
| 245 |
_aTürkiye Cumhuriyeti ve Avrupa Birliği _cTürk Hukuk Kurumu, Türkiye Barolar Birliği |
||
| 260 |
_aAnkara _bTürk Hukuk Kurumu _c2002 |
||
| 300 |
_a175 s. _c24 sm. |
||
| 650 |
_aUluslararası hukuk _xAB politikaları |
||
| 650 |
_aUluslararası topluluklar _xAvrupa Birliği _zTürkiye |
||
| 651 |
_aTürkiye _xUluslararası ilişkiler |
||
| 710 | _aTürkiye Barolar Birliği | ||
| 710 | _aTürk Hukuk Kurumu | ||
| 942 |
_2ddc _cBKS |
||
| 999 |
_c3530 _d3530 |
||